EKAM SAT. (Record no. 25546)
[ view plain ]
| 000 -LEADER | |
|---|---|
| fixed length control field | 01003nam a2200265Ia 4500 |
| 100 1# - MAIN ENTRY--AUTHOR NAME | |
| Personal name | Paramahamsa, K. R. |
| 245 10 - TITLE STATEMENT | |
| Title | EKAM SAT. |
| 260 ## - PUBLICATION, DISTRIBUTION, ETC. (IMPRINT) | |
| Place of publication | Friendswood, Tex. : |
| Name of publisher | TotalRecall Publications, Inc., |
| Year of publication | c2008. |
| 300 ## - PHYSICAL DESCRIPTION | |
| Number of Pages | 210 p. |
| 650 #0 - SUBJECT ADDED ENTRY--TOPICAL TERM | |
| Topical Term | Monism. |
| Topical Term | Reality. |
| 856 40 - ELECTRONIC LOCATION AND ACCESS | |
| Uniform Resource Identifier | http://site.ebrary.com/lib/rucke/Doc?id=10266320 |
No items available.
